Mintzberg on management : inside our strange world of organizations

Αποθηκεύτηκε σε:
Λεπτομέρειες βιβλιογραφικής εγγραφής
Κύριος συγγραφέας: Mintzberg, Henry
Μορφή: Βιβλίο
Γλώσσα:English
Δημοσίευση: New York : London : Free Press ; Collier Macmillan Pub., c1989.
Θέματα:
Ετικέτες: Προσθήκη ετικέτας
Δεν υπάρχουν, Καταχωρήστε ετικέτα πρώτοι!

MARC

LEADER 00000cam a2200000 a 4500
001 1/114971
008 170920s1989####nyu| ||| |||| ||eng||
020 |a 0029213711 
040 |a GR-MyUa  |b gre  |c GR-MyUa  |e AACR2 
041 0 |a eng 
082 7 |a 658   |2 (23) 
100 1 |a Mintzberg, Henry. 
245 1 0 |a Mintzberg on management :   |b inside our strange world of organizations /   |c Henry Mintzberg.  
260 |a New York :   |b Free Press ;   |a London :   |b Collier Macmillan Pub.,   |c c1989.  
300 |a x, 418 σ. ;   |c 24 εκ.  
504 |a Βιβλιογραφία: σ. [374]-385. Ευρετήριο.  
650 0 |a Management. 
650 0 |a Organization. 
650 0 |a Organizational behavior. 
852 |a INST  |b SYROS  |e 20170920  |h 658 MIN  |p 005500013182  |q 005500013182  |t BK  |y 0 
970 |a Κοντού  |b Παρασκευή  |z 20/09/2017